Grundzüge der Elektrochemie: Mit 43 in den Text gedruckten Abbidungen
| Autor principal: | |
|---|---|
| Sumari: | В описании используется грамматика 19 века
Раздельная пагинация страниц Напечатано готическим шрифтом Цветной обрез Корешок и обложка с блинтовым тиснением |
| Idioma: | alemany |
| Publicat: |
Leipzig, Verlagsbuchhandlung Von J. J. Weber, 1897
|
| Matèries: | |
| Format: | MixedMaterials Llibre |
| KOHA link: | https://koha.lib.tpu.ru/cgi-bin/koha/opac-detail.pl?biblionumber=682951 |
MARC
| LEADER | 00000nam0a2200000 4500 | ||
|---|---|---|---|
| 001 | 682951 | ||
| 005 | 20260227144229.0 | ||
| 090 | |a 682951 | ||
| 100 | |a 20251110d1897 m||y0rusy50 ba | ||
| 101 | 0 | |a ger | |
| 102 | |a DE | ||
| 105 | |a a z 000yy | ||
| 181 | 0 | |a i |b e | |
| 182 | 0 | |a n | |
| 183 | 0 | |a nc |2 RDAcarrier | |
| 200 | 1 | |a Grundzüge der Elektrochemie |d [Основы электрохимии] |z rus |e Mit 43 in den Text gedruckten Abbidungen |f Walther Löb | |
| 203 | |a Текст |b визуальный |c непосредственный | ||
| 210 | |a Leipzig |c Verlagsbuchhandlung Von J. J. Weber |d 1897 | ||
| 215 | |a VIII, 140 S. |c il. | ||
| 283 | |a volume |2 RDAcarrier | ||
| 300 | |a В описании используется грамматика 19 века | ||
| 300 | |a Раздельная пагинация страниц | ||
| 300 | |a Напечатано готическим шрифтом | ||
| 300 | |a Цветной обрез | ||
| 300 | |a Корешок и обложка с блинтовым тиснением | ||
| 316 | |5 63413507: 10490 |a На титульном листе владельческий штамп "Библиотека Томского Технологического Института" | ||
| 317 | |5 63413507: 10490 |a Поступил в НТБ в 1910 г. в составе книжного собрания профессора ТТИ А. Э. Сабека | ||
| 517 | |a Grundzüge der Elektrochemie |z ger | ||
| 606 | |a Электрохимия |9 46066 | ||
| 610 | 1 | |a химия | |
| 610 | 1 | |a понятия | |
| 610 | 1 | |a растворы | |
| 610 | 1 | |a электролиты | |
| 610 | 1 | |a электролиз | |
| 610 | 1 | |a электродвижущие силы | |
| 610 | 1 | |a осмотическая теория | |
| 610 | 1 | |a поляризация | |
| 610 | 1 | |a закон Фарадея | |
| 610 | 1 | |a немецкий язык | |
| 610 | 1 | |a коллекция А. Э. Сабека | |
| 675 | |a 544.6 |v 4 | ||
| 700 | 1 | |a Löb |b W. |g Walther | |
| 801 | 0 | |a RU |b 63413507 |c 20251110 | |
| 830 | |a Ретро2025Каталогизация Кузнецова (РФ) | ||
| 850 | |a 63413507 | ||
| 942 | |c BK | ||